000 01090nam a22002057a 4500
003 OSt
005 20250729172023.0
008 241121b |||||||| |||| 00| 0 eng d
050 _aKRX18
_b.A2S87 2005 - 2006
110 _aRepublic of Ghana
245 _aThe Supreme Court of Ghana Law Reports [2005 - 2006] SCGLR
_cConsulting Editor/Editor in Chief: Dr. S Y Bimpong-Buta, Assistant; Albert Adaare; Herbert A. Bruce-Thompson
260 _aAccra, Ghana
_bAdvanced Legal Publications
_c2005 - 2006
300 _al, 1185 pages
_c24 cm
500 _aCases determined by the Supreme Court of the Republic of Ghana
650 _2Law Reports
_xGhana
700 _aDr. S Y Bimpong-Buta, FGA, LLB (Ghana), LLM (Lond), LLD (Unisa), of Lincoln's Inn. Barrister and Solicitor of the Supreme Court of Ghana.
_eConsulting Editor/ Editor-in-Chief
700 _aAlbert Adaare, Bsc (Hons) Barrister and Solicitor of the Supreme Court of Ghana
_eAssistant Editor
700 _aHerbert A. Bruce-Thompson, BA (Hons) Barrister and Solicitor of the Supreme Court of Ghana
_eAssistant Editor
942 _2lcc
_cBK
_n0
999 _c1398
_d1398